00452 2200193 4500001002100000005001500021008004100036020001800077035001900095041000700114082001000121090001600131100001100147245003000158260003300188300001700221500001100238650000900249INLIS00000000000264720241224112557241224||||||||| | ||| |||| || |  a979-757-505-5 0010-1224002647 aid0 a738.8 a738.8 YOY k0 aYoyong00aKreasi Miniatur dari Clay aJakartabKawan Pustakac2011 a64 hlm;24 cm aCet. 1 0aSeni